000 00556nam a2200193Ia 4500
005 20250317130439.0
008 008 250317s9999 xx 000 0 eng d
037 _aTextbook
040 _aFMSL
_beng
_cFMSL
041 _aeng
_2eng
084 _aX8(A):8 M5
_qFMSL
100 _aThompson A A
_9735245
245 0 _aEconomics fo the firm theory and practice
250 _a4th
260 _aNew Jersey
_bNew Jersey, Printice Hall of India
_c1985
300 _a656p
942 _cTB
_hX8(A):8 M5
999 _c1263801
_d1263801